000 01077nam1a22002651 4500
001 rc\3051639
005 20111010174657.7
035 _a(NLR Aleph) 007191036
090 _a7538270
_c7538270
100 _a20111010d1941 |||y0rusy50 ca
101 0 _arus
102 _aRU
105 _ay z |||||
200 1 _aТруды Научно-исследовательской машиноиспытательной станции (НИМИС)
_fПод общ. ред. проф. К.И. Васильева и С.П. Шеина
_gНар. ком. зерновых и животноводческих совхозов СССР
210 _aРостов н/Д
_cРостведиздат
_d1941
215 _d26 см
702 1 _aВасильев
_bК. И.
_4340
702 1 _aШеин
_bС. П.
_4340
710 0 2 _aНаучно-исследовательская машино-испытательная станция
_cМосква
801 0 _aRU
_bNLR
_gpsbo
801 1 _aRU
_bELAR
_2rusmarc
852 _aNLR
_bС
_j20 Г-7/6
852 _aNLR
_bС
_j20 Г-7/4
942 _cBOOK
980 _aNB